• 首页
  • 本馆介绍
  • 公告通知
  • 最新文献
  • 馆藏检索
  • 电子资源
  • 读者导购
  • 参考咨询
  • 我的图书馆
  • 登录
  • 详细信息显示
  • 放入我的书架
  • 预约/预借图书
  • 作者相关作品
  • 分类相关作品
  • 丛书相关作品
  • 出版社相关作品

书目信息

  • 表格格式
  • 工作单格式
  • 卡片格式
题名:
细胞因素
    
 
作者: 沃克 著 ;黄邦福 译
分册:  
出版信息: 成都   四川大学出版社  2004
页数: 18,377页
开本: 21cm
丛书名:
单 册:
中图分类: R363.1
科图分类:
主题词: 细胞--致病遗传因素--研究
电子资源:
ISBN: 7-5614-2770-0
000 00756nam0 2200229 45
001 002625153
005 20050418090925.0
010    @a7-5614-2770-0@dCNY25.00
100    @a20040412d2004 em y0chiy0110 ea
101 1  @achi@ceng
102    @aCN@b500000
105    @ay z 000yy
200 1  @a细胞因素@Axi bao yin su@f(澳)罗斯·沃克著@F(Ao)Luo Si·Wo Ke Zhu@g黄邦福译
210    @a成都@c四川大学出版社@d2004
215    @a18,377页@d21cm
330    @a本书对优化细胞的健康方法进行探讨,致力于提供一个简单易行的“减轻体重、增强活力、提高生活质量、延长寿命”的方法。
606 0  @a细胞@x致病遗传因素@x研究
690    @aR363.1@v4
701  0 @a沃克@4著
702  0 @a黄邦福@Ahuang bang fu@4译
801  0 @aCN@bNLC@c20040602
905    @f5@b350060-064@dR363.1@e78
    
    细胞因素/(澳)罗斯·沃克著/黄邦福译.-成都:四川大学出版社,2004
    18,377页;21cm
    
    
    ISBN 7-5614-2770-0:CNY25.00
    本书对优化细胞的健康方法进行探讨,致力于提供一个简单易行的“减轻体重、增强活力、提高生活质量、延长寿命”的方法。
●
相关链接 在E读中查询图书 在五车中查询图书 在当当中查询图书 在豆瓣中查询图书


正题名:细胞因素     索取号:R363.1/78         预约/预借

序号 登录号 条形码 馆藏地/架位号 状态 备注
1 0350060   3500606   第二样本阅览室/ [索取号:R363.1/78] 在馆    
2 0350061   3500615   第三借阅区/ [索取号:R363.1/78] 在馆    
3 0350062   3500624   第三借阅区/ [索取号:R363.1/78] 在馆    
4 0350063   3500633   第三借阅区/ [索取号:R363.1/78] 在馆    
5 0350064   3500642   第三借阅区/ [索取号:R363.1/78] 在馆    
唐山师范学院图书馆 欢迎您!
大连网信软件有限公司© 版权所有